banner-ar

سياسة الاتحاد الاوروبى تجاه الحركات الاسلامية فى المنطقة العربية : (Record no. 59888)

MARC details
000 -الفاتح
حقل البيانات ثابتة الطول 01231nam a22002417a 4500
005 - وقت وتاريخ اخر تعامل مع التسجيلة
رقم الضبط 20240530110341.0
008 - عناصر البيانات ثابتة الطول - معلومات عامة
حقل البيانات ثابتة الطول 141112s2011 le gr 001 0dara d
020 ## - الرقم الدولى المعيارى للكتب
الرقم الدولى المعيارى للكتاب 9789953824581
040 ## - مصدر الفهرسة
وكالة الفهرسة الأصلية EG-CaGPL
082 04 - رقم تصنيف ديوى العشرى
رقم الطبعة 21
رقم التصنيف 341.2422\
رقم المادة س س
100 0# - المدخل الرئيسى - إسم شخصى
الإسم الشخصى سليم محمد الزعنون
245 10 - بيان العنوان
العنوان سياسة الاتحاد الاوروبى تجاه الحركات الاسلامية فى المنطقة العربية :
بقية العنوان دراسة حالة حركة المقاومة الاسلامية (حماس ) 2001 - 2007 /
بيان المسئوليه,etc سليم محمد الزعنون
250 ## - بيان الطبعة
بيان الطبعة ط 1
260 ## - PUBLICATION, DISTRIBUTION, ETC. (IMPRINT)
تاريخ النشر أو التوزيع 2011
300 ## - الوصف المادى
التعداد 446 ص ؛
أبعاد الوعاء 24 سم
490 ## - بيان السلسلة
عنوان السلسلة سلسلة اطروحات الدكتوراه ؛
رقم المجلد/ التعيين التسلسلي 98
650 04 - المدخل الاضافى بالموضوع-مصطلح موضوعى
مصطلح موضوعي الحركات الاسلامية
التقسيم الفرعي العام حماس
651 04 - المدخل الاضافى بالموضوع - اسم جغرافى
الاسم الجغرافي الاتحاد الاوروبى
التقسيم الفرعي العام العلاقات الخارجية
التقسيم الفرعي الجغرافي الوطن العربى
651 04 - المدخل الاضافى بالموضوع - اسم جغرافى
الاسم الجغرافي الاتحاد الاوربى
التقسيم الفرعي العام السياسة الخارجية
651 04 - المدخل الاضافى بالموضوع - اسم جغرافى
الاسم الجغرافي الاتحاد الاوروبى
التقسيم الفرعي العام العلاقات الخارجية
-- الحركات الاسلامية
942 ## - عناصر المدخل الإضافي( كوها)
مصدر التصنيف او مخطط الترفيف Dewey Decimal Classification
Koha [default] item type كتاب
260 ## - PUBLICATION, DISTRIBUTION, ETC. (IMPRINT)
-- بيروت :
-- مركز دراسات الوحدة العربية ،
Holdings
حالة التراجع حالة الفقد حالة تلف ليس للاعارة المكان المؤقت الموقع الحالى تاريخ الاكتساب اجمالي اﻻعارات رقم الطلب الباركود تاريخ اخر مشاهدة تاريخ تفعيل السعر نوع وعاء كوها
        مكتبة القاهرة الكبرى مكتبة القاهرة الكبرى 11/12/2014   341.2422\ س س 158848 11/12/2014 11/12/2014 كتاب

Powered By

EGPV